Gaming Quiz

Random Gaming Quiz

Jarls of Skyrim Quiz Stats

 Plays Quiz not verified by Sporcle

Support Sporcle.
Go Orange.
Score 0/9 Timer 05:00
0 Plays Today
Hints Answer % Correct
Jarl of EastmarchUlfric Stormcloak
94.4%
Jarl of HaafingarElisif the Fair
71.2%
Jarl of The RiftLaila Law-Giver
62.4%
Jarl of HjaalmarchIdgrod Ravencrone
44.8%
Jarl of FalkreathSiddgeir
42.4%
Jarl of The PaleSkald the Elder
40.8%
Jarl of WinterholdKorir
40.8%
Jarl of The ReachIgmund
39.2%
Jarl of WhiterunBulgruuf the Greater
7.2%

You're not logged in!

Compare scores with friends on all Sporcle quizzes.
OR
Log In

From the Vault

Movies by IMDb FAQ III

by Hullabaloo

We just want to know who takes the time to ANSWER these questions.
Remove Ads.
Support Sporcle.
Get the best of Sporcle when you Go Orange. This ad-free experience offers more features, more stats, and more fun while also helping to support Sporcle. Thank you for becoming a member.

Show Comments

Extras

Created Mar 15, 2012ReportNominate
Tags:Skyrim

Top Quizzes Today


Score Distribution

Your Account Isn't Verified!

In order to create a playlist on Sporcle, you need to verify the email address you used during registration. Go to your Sporcle Settings to finish the process.

Report this User

Report this user for behavior that violates our Community Guidelines.

Details: